Le soin psychique à l’ère de la mondialisation (notice n° 1512441)

détails MARC
000 -LEADER
fixed length control field 01972cam a2200145 4500500
005 - DATE AND TIME OF LATEST TRANSACTION
control field 20251012001318.0
041 ## - LANGUAGE CODE
Language code of text/sound track or separate title fre
042 ## - AUTHENTICATION CODE
Authentication code dc
100 10 - MAIN ENTRY--PERSONAL NAME
Personal name Derivois, Daniel
Relator term author
245 00 - TITLE STATEMENT
Title Le soin psychique à l’ère de la mondialisation
260 ## - PUBLICATION, DISTRIBUTION, ETC.
Name of publisher, distributor, etc. La Pensée sauvage,<br/>
Date of publication, distribution, etc. 2018.<br/>
520 ## - SUMMARY, ETC.
Summary, etc. La mondialisation transforme le travail clinique aujourd'hui confronté à l'effraction des enveloppes culturelles, familiales, sociales, institutionnelles, environnementales, voire nationales qui affecte profondément les êtres humains. Avec les mutations démographiques et idéologiques, les appareils psychiques oscillent entre sidération et nécessité de créer. La mondialisation réveille ainsi les consciences à la nécessaire créativité. Cette créativité devient notre espace privilégié de liberté. Nous ne sommes pas obligés de subir la mondialisation et ses effets délétères. Dans la relation clinique comme dans l’espace sociétal et culturel, le clinicien peut trouver matière à relancer la machine à remettre de la pensée, là où son déficit risque de nous entraîner vers l’abîme. Cet ouvrage issu du 16ème colloque de la revue L’autre à Lyon (www.revuelautre.com) s’adresse à tous les professionnels de la relation, psychologues, psychiatres, médecins, soignants, éducateurs, travailleurs sociaux, enseignants, soignants, acteurs du social et tous ceux qui sont concernés par les effets de la mondialisation dans leurs pratiques. Le lecteur y trouvera nombre d’éclairages sur des symptômes contemporains qui caractérisent le paysage sociopolitique : crise des migrants, traumatismes, replis identitaires... mais aussi des propositions innovantes relevant de la clinique transculturelle et de la clinique de la mondialité.
700 10 - ADDED ENTRY--PERSONAL NAME
Personal name Moro, Marie Rose
Relator term author
856 41 - ELECTRONIC LOCATION AND ACCESS
Uniform Resource Identifier <a href="https://shs.cairn.info/le-soin-psychique-a-l-ere-de-la-mondialisation--9782859193270?lang=fr&redirect-ssocas=7080">https://shs.cairn.info/le-soin-psychique-a-l-ere-de-la-mondialisation--9782859193270?lang=fr&redirect-ssocas=7080</a>

Pas d'exemplaire disponible.

PLUDOC

PLUDOC est la plateforme unique et centralisée de gestion des bibliothèques physiques et numériques de Guinée administré par le CEDUST. Elle est la plus grande base de données de ressources documentaires pour les Étudiants, Enseignants chercheurs et Chercheurs de Guinée.

Adresse

627 919 101/664 919 101

25 boulevard du commerce
Kaloum, Conakry, Guinée

Réseaux sociaux

Powered by Netsen Group @ 2025